[Event "FAI-chT2 1617"]
[Site "Faroe Islands"]
[Date "2017.03.18"]
[Round "10.1"]
[White "Jacobsen, Suni"]
[Black "Danielsen, Andrias"]
[Result "1/2-1/2"]
[WhiteElo "1830"]
[BlackElo "1838"]
[PlyCount "76"]
[EventDate "2016.10.23"]
[EventType "team-tourn"]
[EventRounds "10"]
[EventCountry "FAI"]
[SourceTitle "EXT 2020"]
[Source "ChessBase"]
[SourceDate "2019.10.17"]
[SourceVersion "1"]
[SourceVersionDate "2019.10.17"]
[SourceQuality "1"]
[WhiteTeam "Havnin IV"]
[BlackTeam "Toftir"]
[WhiteTeamCountry "FAI"]
[BlackTeamCountry "FAI"]

1. d4 Nf6 2. Nf3 g6 3. g3 Bg7 4. Bg2 0-0 5. c4 d6 6. 0-0 Nbd7 7. Nc3 c6 8. Qc2 e5 9. e4 Qc7 10. h3 Re8 11. Be3 Rb8 12. dxe5 dxe5 13. Bxa7 Ra8 14. Be3 Bf8 15. Rfd1 Nc5 16. a3 Be6 17. Nxe5 Qxe5 18. Bd4 Qh5 19. Bxf6 Bxh3 20. e5 Bf5 21. Be4 Bg4 22. Re1 Nd7 23. Bg2 Nxe5 24. Rxe5 Rxe5 25. Bxe5 Qxe5 26. Qd2 Qc7 27. Re1 Be6 28. Re4 Rd8 29. Qe2 Bg7 30. Nd1 Qd6 31. Ne3 Qd2 32. Qxd2 Rxd2 33. b4 Ra2 34. b5 cxb5 35. cxb5 Rxa3 36. Nd5 Bf8 37. Nc7 Ra1+ 38. Kh2 Rb1 1/2-1/2

[Event "Sandavag op"]
[Site "Sandavag"]
[Date "2015.11.07"]
[Round "5"]
[White "Danielsen, Andrias"]
[Black "Hansen, Herluf"]
[Result "1-0"]
[WhiteElo "1864"]
[BlackElo "2020"]
[PlyCount "107"]
[EventDate "2015.11.06"]
[EventType "swiss"]
[EventRounds "7"]
[EventCountry "FAI"]
[SourceTitle "EXT 2017"]
[Source "ChessBase"]
[SourceDate "2016.10.25"]
[SourceVersion "1"]
[SourceVersionDate "2016.10.25"]
[SourceQuality "1"]

1. Nf3 Nf6 2. d4 e6 3. c4 b6 4. a3 Bb7 5. Nc3 c5 6. d5 exd5 7. cxd5 d6 8. e4 a6 9. a4 g6 10. Bd3 Bg7 11. 0-0 0-0 12. Bg5 Qc7 13. h3 Nbd7 14. Bf4 Rfe8 15. Qb3 Rac8 16. Nd2 Nh5 17. Bh2 g5 18. Nc4 Nf4 19. Bc2 h6 20. Rae1 Ne5 21. Nxe5 Bxe5 22. Ne2 Nxe2+ 23. Rxe2 f6 24. f4 Bd4+ 25. Kh1 Kh8 26. Bg1 c4 27. Qa3 Bxg1 28. Kxg1 Qc5+ 29. Qxc5 Rxc5 30. fxg5 fxg5 31. Ref2 Rc7 32. Rf6 b5 33. axb5 axb5 34. Rxh6+ Kg8 35. Rxd6 b4 36. Rg6+ Rg7 37. Rxg7+ Kxg7 38. Kf2 b3 39. Bb1 Rf8+ 40. Ke2 Rxf1 41. Kxf1 Kf6 42. Kf2 Ke5 43. Ke3 Bc8 44. Ke2 Bd7 45. Kf3 Kd4 46. Kg3 Ke5 47. h4 gxh4+ 48. Kxh4 c3 49. bxc3 Bb5 50. Kg3 Be2 51. Kf2 Bd1 52. Ke1 Bc2 53. Bxc2 bxc2 54. Kd2 1-0

[Event "FAI-chT2 1516"]
[Site "Faroe Islands"]
[Date "2015.10.31"]
[Round "2.1"]
[White "Nielsen, Sonni"]
[Black "Danielsen, Andrias"]
[Result "0-1"]
[WhiteElo "1556"]
[BlackElo "1864"]
[PlyCount "64"]
[EventDate "2015.10.25"]
[EventType "team-tourn"]
[EventRounds "10"]
[EventCountry "FAI"]
[SourceTitle "EXT 2017"]
[Source "ChessBase"]
[SourceDate "2016.10.25"]
[SourceVersion "1"]
[SourceVersionDate "2016.10.25"]
[SourceQuality "1"]
[WhiteTeam "Sandavagur III"]
[BlackTeam "Toftir"]
[WhiteTeamCountry "FAI"]
[BlackTeamCountry "FAI"]

1. e4 d6 2. d4 g6 3. Be3 Bg7 4. Nf3 Nf6 5. Nbd2 0-0 6. h3 e5 7. dxe5 dxe5 8. Bc4 Qe7 9. c3 b6 10. 0-0 Bb7 11. Bg5 Nbd7 12. Qc2 Rfe8 13. Rfe1 h6 14. Bxf6 Nxf6 15. b4 a5 16. b5 a4 17. a3 Nd7 18. g3 Nc5 19. Nh4 Kh7 20. Re3 Rad8 21. Rf3 Rf8 22. Kh2 h5 23. Re1 Bh6 24. Nf1 Rd7 25. Ba2 f6 26. Bb1 Rfd8 27. Qe2 Rd6 28. Nxg6 Kxg6 29. Rf5 Bc8 30. Rxh5 Ne6 31. Ne3 Bxe3 32. fxe3 Rd2 0-1

[Event "FAI-ch"]
[Site "Hoyvik"]
[Date "2015.04.04"]
[Round "9"]
[White "Hansen, Herluf"]
[Black "Danielsen, Andrias"]
[Result "1-0"]
[WhiteElo "2036"]
[BlackElo "1861"]
[PlyCount "55"]
[EventDate "2015.03.28"]
[EventType "tourn"]
[EventRounds "9"]
[EventCountry "FAI"]
[SourceTitle "CBM 165 Extra"]
[Source "ChessBase"]
[SourceDate "2015.04.21"]
[SourceVersion "1"]
[SourceVersionDate "2015.04.21"]
[SourceQuality "1"]

1. d4 Nf6 2. c4 e6 3. Nf3 b6 4. g3 Bb7 5. Bg2 d6 6. 0-0 Nbd7 7. b3 Be7 8. Bb2 Ne4 9. Qc2 f5 10. Ne1 0-0 11. Nd3 Qe8 12. f3 Nef6 13. Nd2 c5 14. Nf4 Bd8 15. d5 exd5 16. cxd5 Nxd5 17. Nxd5 Bxd5 18. e4 fxe4 19. fxe4 Bb7 20. Nc4 Rxf1+ 21. Rxf1 Qe6 22. Nxd6 Qxd6 23. e5 Qc7 24. Qc4+ Kh8 25. Rf7 Bxg2 26. Qg4 Bf6 27. exf6 g6 28. Rxd7 1-0

[Event "FAI-ch"]
[Site "Hoyvik"]
[Date "2015.04.02"]
[Round "7"]
[White "Jacobsen, Heidrikur Tindskar"]
[Black "Danielsen, Andrias"]
[Result "0-1"]
[WhiteElo "1940"]
[BlackElo "1861"]
[PlyCount "72"]
[EventDate "2015.03.28"]
[EventType "tourn"]
[EventRounds "9"]
[EventCountry "FAI"]
[SourceTitle "CBM 165 Extra"]
[Source "ChessBase"]
[SourceDate "2015.04.21"]
[SourceVersion "1"]
[SourceVersionDate "2015.04.21"]
[SourceQuality "1"]

1. d4 Nf6 2. c4 e6 3. Nf3 Bb4+ 4. Bd2 Be7 5. Nc3 d5 6. e3 0-0 7. Bd3 b6 8. cxd5 exd5 9. Ne5 Bb7 10. 0-0 Nbd7 11. f4 c5 12. Qf3 Re8 13. g4 Bf8 14. g5 Ne4 15. Be1 Nxe5 16. dxe5 Nxc3 17. bxc3 Qd7 18. Bg3 d4 19. e4 dxc3 20. Rfc1 b5 21. Bf2 b4 22. Bc4 Rad8 23. e6 fxe6 24. f5 Kh8 25. Bxe6 Qd2 26. Qh5 Bxe4 27. Bf7 Bc6 28. Rd1 Qf4 29. Bxe8 Rxe8 30. Re1 Rxe1+ 31. Rxe1 c2 32. Qf7 Qxg5+ 33. Bg3 Qf6 34. Qe6 Qd4+ 35. Bf2 Qd5 36. Bg3 Qg2# 0-1

[Event "FAI-ch"]
[Site "Hoyvik"]
[Date "2015.03.29"]
[Round "2"]
[White "Simonsen, Hans Kristian"]
[Black "Danielsen, Andrias"]
[Result "1-0"]
[WhiteElo "2128"]
[BlackElo "1861"]
[PlyCount "45"]
[EventDate "2015.03.28"]
[EventType "tourn"]
[EventRounds "9"]
[EventCountry "FAI"]
[SourceTitle "CBM 165 Extra"]
[Source "ChessBase"]
[SourceDate "2015.04.21"]
[SourceVersion "1"]
[SourceVersionDate "2015.04.21"]
[SourceQuality "1"]

1. c4 Nf6 2. Nc3 e6 3. e4 Bb4 4. e5 Ng8 5. Qg4 Bxc3 6. dxc3 Kf8 7. Bf4 f6 8. 0-0-0 Nc6 9. Nf3 Nxe5 10. Nxe5 fxe5 11. Bxe5 Nf6 12. Qg3 d6 13. c5 d5 14. Bxc7 Qe8 15. Bd3 Bd7 16. Rhe1 Qh5 17. Qd6+ Kf7 18. g4 Qxg4 19. Rg1 Qf3 20. Rg3 Qxf2 21. Rf1 Qxh2 22. Rxg7+ Kxg7 23. Qxh2 1-0

[Event "FAI-chT 1415"]
[Site "Faroe Islands"]
[Date "2015.01.11"]
[Round "6.1"]
[White "Danielsen, Andrias"]
[Black "Nielsen, Rogvi Egilstoft"]
[Result "0-1"]
[WhiteElo "1868"]
[BlackElo "2262"]
[PlyCount "56"]
[EventDate "2014.10.26"]
[EventType "team-tourn"]
[EventRounds "10"]
[EventCountry "FAI"]
[SourceTitle "EXT 2019"]
[Source "ChessBase"]
[SourceDate "2018.10.10"]
[SourceVersion "1"]
[SourceVersionDate "2018.10.10"]
[SourceQuality "1"]
[WhiteTeam "Toftir"]
[BlackTeam "Sandavagur"]
[WhiteTeamCountry "FAI"]
[BlackTeamCountry "FAI"]

1. e4 d5 2. exd5 Nf6 3. d4 Bg4 4. Be2 Bxe2 5. Nxe2 Qxd5 6. 0-0 Nc6 7. Nbc3 Qh5 8. Bf4 0-0-0 9. Qe1 e6 10. Rd1 Qf5 11. Rd2 h5 12. h4 Be7 13. Bg5 Qa5 14. Qd1 Rd7 15. Nc1 Rhd8 16. Nb3 Qf5 17. Re1 Ng4 18. Bxe7 Nxe7 19. f3 Nh6 20. Re5 Qg6 21. Qe2 Nhf5 22. Qf2 Nc6 23. Re4 Qf6 24. Ne2 g5 25. Nc5 Rd5 26. Ng3 Nxg3 27. Qxg3 Rxc5 28. hxg5 Rxg5 0-1

[Event "Klaksvik ST op"]
[Site "Klaksvik"]
[Date "2014.11.29"]
[Round "3"]
[White "Nielsen, Hogni Egilstoft"]
[Black "Danielsen, Andrias"]
[Result "1-0"]
[WhiteElo "2213"]
[BlackElo "1866"]
[PlyCount "57"]
[EventDate "2014.11.28"]
[EventType "swiss"]
[EventRounds "5"]
[EventCountry "FAI"]
[SourceTitle "CBM 163 Extra"]
[Source "ChessBase"]
[SourceDate "2014.12.23"]
[SourceVersion "1"]
[SourceVersionDate "2014.12.23"]
[SourceQuality "1"]

1. e4 c6 2. d4 d5 3. exd5 cxd5 4. c4 Nf6 5. Nc3 Nc6 6. h3 e6 7. Nf3 Be7 8. c5 b6 9. b4 a5 10. Na4 bxc5 11. bxc5 e5 12. Bb5 Bd7 13. Bxc6 Bxc6 14. Nxe5 Bd7 15. Nb6 Rb8 16. Nbxd7 Nxd7 17. Nc6 Qc7 18. Nxb8 Nxb8 19. Qa4+ Nc6 20. Bf4 Qb7 21. 0-0 0-0 22. Rab1 Qa8 23. Rb6 Nb4 24. a3 Nd3 25. Be3 g5 26. Qd7 Bd8 27. Rd6 Nf4 28. Bxf4 gxf4 29. Qf5 1-0

[Event "FAI-chT 1415"]
[Site "Faroe Islands"]
[Date "2014.11.23"]
[Round "5.1"]
[White "Simonsen, Hans Kristian"]
[Black "Danielsen, Andrias"]
[Result "1/2-1/2"]
[WhiteElo "2157"]
[BlackElo "1868"]
[PlyCount "77"]
[EventDate "2014.10.26"]
[EventType "team-tourn"]
[EventRounds "10"]
[EventCountry "FAI"]
[SourceTitle "CBM 163 Extra"]
[Source "ChessBase"]
[SourceDate "2014.12.23"]
[SourceVersion "1"]
[SourceVersionDate "2014.12.23"]
[SourceQuality "1"]
[WhiteTeam "Rokur"]
[BlackTeam "Toftir"]
[WhiteTeamCountry "FAI"]
[BlackTeamCountry "FAI"]

1. d4 Nf6 2. c4 e6 3. Nf3 d5 4. Nc3 Be7 5. Bg5 0-0 6. e3 h6 7. Bxf6 Bxf6 8. Qd2 c6 9. 0-0-0 Nd7 10. Kb1 b6 11. h4 Ba6 12. cxd5 Bxf1 13. Rdxf1 cxd5 14. g4 g6 15. g5 hxg5 16. h5 g4 17. Ne1 Bg5 18. f4 gxf3 19. Nxf3 Kg7 20. Rfg1 f6 21. Qc2 gxh5 22. Rxh5 Rh8 23. Nxg5 fxg5 24. Rgxg5+ Kf6 25. Qg6+ Ke7 26. Rxd5 Qg8 27. Qxg8 Raxg8 28. Rdg5 Rxh5 29. Rxg8 Rh3 30. Rg7+ Kd8 31. e4 Rd3 32. Nb5 a6 33. Kc2 Re3 34. Nd6 e5 35. Kd2 exd4 36. Nf5 Rxe4 37. Kd3 Nc5+ 38. Kc4 d3+ 39. Kc3 1/2-1/2

[Event "FAI-chT 1314"]
[Site "Torshavn"]
[Date "2014.01.12"]
[Round "5.1"]
[White "Nolsoe, Rani"]
[Black "Danielsen, Andrias"]
[Result "0-1"]
[WhiteElo "2060"]
[BlackElo "1859"]
[PlyCount "98"]
[EventDate "2013.10.27"]
[EventType "team-tourn"]
[EventRounds "10"]
[EventCountry "FAI"]
[SourceTitle "EXT 2019"]
[Source "ChessBase"]
[SourceDate "2018.10.10"]
[SourceVersion "1"]
[SourceVersionDate "2018.10.10"]
[SourceQuality "1"]
[WhiteTeam "Klaksvik II"]
[BlackTeam "Toftir"]
[WhiteTeamCountry "FAI"]
[BlackTeamCountry "FAI"]

1. e4 e5 2. Nf3 Nc6 3. Bb5 a6 4. Ba4 Nf6 5. d3 b5 6. Bb3 Be7 7. 0-0 0-0 8. Re1 d6 9. c3 Bb7 10. Nbd2 Re8 11. Nf1 Bf8 12. Ng5 Re7 13. Ng3 h6 14. Nf3 g6 15. Nh4 Kh7 16. Qf3 Bg7 17. a4 Na5 18. Bc2 c5 19. axb5 axb5 20. Bd2 Nc6 21. Rxa8 Qxa8 22. Bb3 Bc8 23. h3 Qa6 24. Kh2 Ra7 25. Be3 Qb6 26. Qe2 Qc7 27. Nf3 Qe7 28. d4 exd4 29. cxd4 Nxe4 30. Nxe4 Qxe4 31. dxc5 Ne5 32. cxd6 Rb7 33. Nd4 Nc4 34. Bxc4 Bxd4 35. Ba2 Be5+ 36. Kh1 Bxd6 37. Qd2 Bxh3 38. f3 Qe5 39. gxh3 Qg3 40. Qf2 Qxh3+ 41. Kg1 Bg3 42. Qe2 Bxe1 43. Qxe1 Qxf3 44. Bf2 Rd7 45. Qf1 Rd2 46. Qg2 Rd1+ 47. Kh2 Qh5+ 48. Kg3 Rd3+ 49. Kf4 Qf5# 0-1

[Event "FAI-chT 1314"]
[Site "Torshavn"]
[Date "2013.11.16"]
[Round "3.1"]
[White "Simonsen, Alavur"]
[Black "Danielsen, Andrias"]
[Result "1-0"]
[WhiteElo "2229"]
[BlackElo "1859"]
[PlyCount "65"]
[EventDate "2013.10.27"]
[EventType "team-tourn"]
[EventRounds "10"]
[EventCountry "FAI"]
[SourceTitle "EXT 2015"]
[Source "ChessBase"]
[SourceDate "2014.11.20"]
[SourceVersion "1"]
[SourceVersionDate "2014.11.20"]
[SourceQuality "1"]
[WhiteTeam "Klaksvik"]
[BlackTeam "Toftir"]
[WhiteTeamCountry "FAI"]
[BlackTeamCountry "FAI"]

1. e4 c6 2. d4 d5 3. Nd2 dxe4 4. Nxe4 Bf5 5. Ng3 Bg6 6. Nf3 Nd7 7. h4 h6 8. h5 Bh7 9. Bd3 Bxd3 10. Qxd3 Ngf6 11. Bd2 e6 12. 0-0-0 Be7 13. Ne2 Ng4 14. Rdf1 Qb6 15. Bf4 Rc8 16. Nd2 c5 17. d5 c4 18. Qg3 Bf6 19. Qxg4 Qxb2+ 20. Kd1 e5 21. Be3 b5 22. Ne4 b4 23. Nd6+ Ke7 24. Nxc8+ Rxc8 25. Bc1 Qxa2 26. Rh3 b3 27. cxb3 cxb3 28. Qb4+ Nc5 29. Rc3 Kd6 30. Ng3 e4 31. Nxe4+ Kxd5 32. Rxc5+ Rxc5 33. Qxc5+ 1-0

[Event "FAI-chT2 1213"]
[Site "Faroe Islands"]
[Date "2013.02.17"]
[Round "8.2"]
[White "Jacobsen, Suni"]
[Black "Danielsen, Andrias"]
[Result "1/2-1/2"]
[WhiteElo "1857"]
[BlackElo "1785"]
[PlyCount "33"]
[EventDate "2012.10.28"]
[EventType "team-tourn"]
[EventRounds "10"]
[EventCountry "FAI"]
[SourceTitle "EXT 2014"]
[Source "ChessBase"]
[SourceDate "2013.11.20"]
[SourceVersion "1"]
[SourceVersionDate "2013.11.20"]
[SourceQuality "1"]
[WhiteTeam "Havnin III"]
[BlackTeam "Toftir"]
[WhiteTeamCountry "FAI"]
[BlackTeamCountry "FAI"]

1. c4 Nf6 2. g3 e5 3. Bg2 Nc6 4. Nc3 Bc5 5. Nf3 0-0 6. d3 d5 7. cxd5 Nxd5 8. 0-0 h6 9. Bd2 Be6 10. Qc1 Qd7 11. Nxd5 Qxd5 12. Bxh6 gxh6 13. Qxh6 Qd6 14. Qg5+ Kh7 15. Qh5+ Kg7 16. Qg5+ Kh7 17. Qh5+ 1/2-1/2

[Event "FAI-ch Almenni"]
[Site "Faroe Islands"]
[Date "2012.04.02"]
[Round "4"]
[White "Dam, Vagnur"]
[Black "Danielsen, Andrias"]
[Result "1/2-1/2"]
[WhiteElo "1666"]
[BlackElo "1370"]
[PlyCount "112"]
[EventDate "2012.03.31"]
[EventType "swiss"]
[EventRounds "9"]
[EventCountry "FAI"]
[SourceTitle "EXT 2013"]
[Source "ChessBase"]
[SourceDate "2012.11.22"]
[SourceVersion "1"]
[SourceVersionDate "2012.11.22"]
[SourceQuality "1"]

1. e4 c5 2. Nf3 d6 3. d4 cxd4 4. Nxd4 Nf6 5. f3 a6 6. c4 Nc6 7. Nc3 g6 8. Be2 Bg7 9. Nc2 0-0 10. Ne3 Bd7 11. 0-0 Ne5 12. Rb1 Rc8 13. Bd2 Qb6 14. Kh1 Be6 15. b3 Rfd8 16. g4 Nc6 17. g5 Nd7 18. Ned5 Qa7 19. f4 f5 20. Bf3 Rf8 21. h4 Bxd5 22. exd5 Nb4 23. Qe2 Nc5 24. h5 b5 25. hxg6 hxg6 26. Nxb5 axb5 27. Bxb4 bxc4 28. bxc4 Rce8 29. Kg2 e5 30. dxe6 Nxe6 31. Bd5 Qd7 32. Rbd1 Re7 33. Qd2 Rb8 34. Rfe1 Kf8 35. Bxe6 Qb7+ 36. Kg3 Qxb4 37. Qxb4 Rxb4 38. Rxd6 Bc3 39. Rd8+ Re8 40. Rxe8+ Kxe8 41. Re2 Kf8 42. c5 Rb5 43. c6 Rc5 44. Bd7 Rc4 45. Kf3 Bb4 46. a4 Bd6 47. Re6 Rxf4+ 48. Ke3 Bc7 49. Rxg6 Re4+ 50. Kd3 Rxa4 51. Bxf5 Ra5 52. Be4 Kf7 53. Rh6 Rxg5 54. Rh7+ Rg7 55. Bd5+ Kf6 56. Rxg7 Kxg7 1/2-1/2

[Event "FAI-ch Almenni"]
[Site "Faroe Islands"]
[Date "2012.03.31"]
[Round "1"]
[White "Danielsen, Andrias"]
[Black "Mortensen, Herluf"]
[Result "1-0"]
[WhiteElo "1370"]
[BlackElo "1824"]
[PlyCount "99"]
[EventDate "2012.03.31"]
[EventType "swiss"]
[EventRounds "9"]
[EventCountry "FAI"]
[SourceTitle "EXT 2013"]
[Source "ChessBase"]
[SourceDate "2012.11.22"]
[SourceVersion "1"]
[SourceVersionDate "2012.11.22"]
[SourceQuality "1"]

1. e4 e6 2. d4 d5 3. Nd2 c5 4. Ngf3 Nf6 5. e5 Nfd7 6. c3 Nc6 7. Be2 Qb6 8. Nb3 cxd4 9. cxd4 Bb4+ 10. Bd2 0-0 11. 0-0 Bxd2 12. Qxd2 f6 13. exf6 Nxf6 14. Bd3 Kh8 15. Rac1 Bd7 16. Rfe1 Rae8 17. Nc5 Qb4 18. Qxb4 Nxb4 19. Bb1 Bc8 20. Ng5 Re7 21. Rc3 Nc6 22. Nf3 Rfe8 23. Rce3 b6 24. Nd3 Ng4 25. R3e2 Ba6 26. h3 Nh6 27. g4 Nf7 28. Re3 Nd6 29. Nf4 Bc8 30. Bc2 Nb5 31. Ba4 a6 32. Bxb5 axb5 33. Rc3 Bd7 34. Rec1 Nb4 35. Rc7 Rf8 36. Ne5 Rxf4 37. Rxd7 Re8 38. Rcc7 Re4 39. Nf7+ Kg8 40. Ng5 Re1+ 41. Kg2 Nd3 42. Rxg7+ Kh8 43. Rxh7+ Kg8 44. Rhg7+ Kh8 45. h4 e5 46. Rge7 Ra8 47. Nf7+ Kg8 48. Nxe5 Re2 49. Rg7+ Kh8 50. Ng6# 1-0